Physical Chemistry: a molecular approach (Record no. 5257)

MARC details
000 -LEADER
fixed length control field 00542nam a22001937a 4500
003 - CONTROL NUMBER IDENTIFIER
control field OSt
005 - DATE AND TIME OF LATEST TRANSACTION
control field 20160920143140.0
008 - FIXED-LENGTH DATA ELEMENTS--GENERAL INFORMATION
fixed length control field 160920b xxu||||| |||| 00| 0 eng d
020 ## - INTERNATIONAL STANDARD BOOK NUMBER
International Standard Book Number 0935702997
040 ## - CATALOGING SOURCE
Transcribing agency DDC
082 ## - DEWEY DECIMAL CLASSIFICATION NUMBER
Classification number 541 MCR 1997
100 ## - MAIN ENTRY--PERSONAL NAME
Personal name McQuarrie, Donald A.; Simon, John D.
9 (RLIN) 11078
245 ## - TITLE STATEMENT
Title Physical Chemistry: a molecular approach
260 ## - PUBLICATION, DISTRIBUTION, ETC. (IMPRINT)
Place of publication, distribution, etc. California; University Boks, 1997
300 ## - PHYSICAL DESCRIPTION
Extent xiii,1360p; ill: 25cm
504 ## - BIBLIOGRAPHY, ETC. NOTE
Bibliography, etc Answers, & index included
650 ## - SUBJECT ADDED ENTRY--TOPICAL TERM
Topical term or geographic name as entry element Physical chemistry
9 (RLIN) 1450
942 ## - ADDED ENTRY ELEMENTS (KOHA)
Source of classification or shelving scheme Other/Generic Classification Scheme
Koha item type Open Shelf
Holdings
Withdrawn status Lost status Source of classification or shelving scheme Damaged status Not for loan Home library Current library Date acquired Source of acquisition Inventory number Total Checkouts Full call number Barcode Date last seen Date last checked out Koha item type Price effective from
    Dewey Decimal Classification     MUST Main Library MUST Main Library 20/09/2016   03/19286 1 541 MCR 1997 2016-4396 31/10/2016 20/09/2016 Open Shelf  
    Dewey Decimal Classification     MUST Main Library MUST Main Library 07/10/2016   04/20710   541 MCR 1997 2016-4652 07/10/2016   Open Shelf 07/10/2016
    Dewey Decimal Classification     MUST Main Library MUST Main Library 07/10/2016   03/19285 1 541 MCR 1997 2016-4653 23/11/2016 11/11/2016 Open Shelf 07/10/2016
    Dewey Decimal Classification     MUST Main Library MUST Main Library 07/10/2016   03/19287   541 MCR 1997 2016-4654 07/10/2016   Open Shelf 07/10/2016
    Dewey Decimal Classification     MUST Main Library MUST Main Library 07/10/2016   05/23592   541 MCR 1997 2016-4655 07/10/2016   Open Shelf 07/10/2016
    Dewey Decimal Classification     MUST Main Library MUST Main Library 07/10/2016   05/23593   541 MCR 1997 2016-4667 07/10/2016   Open Shelf 07/10/2016
    Dewey Decimal Classification     MUST Main Library MUST Main Library 13/10/2016   05/23594   541 MCR 1997 2016-4775 13/10/2016   Open Shelf 13/10/2016
    Dewey Decimal Classification     MUST Main Library MUST Main Library 19/10/2016   05/23591   541 MCR 1997 2016-4826 19/10/2016   Open Shelf 19/10/2016
    Dewey Decimal Classification     MUST Main Library MUST Main Library 19/10/2016   05/23673   541 MCR 1997 2016-4827 19/10/2016   Open Shelf 19/10/2016
    Dewey Decimal Classification     MUST Main Library MUST Main Library 01/04/2021 Purchase 2004/20711 1 541 MCR 1997 2021-0353 14/04/2021 01/04/2021 Open Shelf 01/04/2021